| 000 | 00444nab a2200145Ia 4500 | ||
|---|---|---|---|
| 003 | ES-SlBCS | ||
| 005 | 20210601130452.0 | ||
| 008 | 140529s1977 xxu||||| |||| 00| 0 fre d | ||
| 041 | _afre | ||
| 100 | 1 |
_aPucelle, Jean _9164707 |
|
| 245 | 0 | 0 |
_aLa nuit des temps et l'aurore du présent _c Jean Pucelle |
| 650 | 0 | 4 |
_aNoche de los Tiempos _9173349 |
| 773 | 0 |
_tGiornali di Metafisica _gvol. 32, nº. 1-2, 1977, págs. 26-46 _w0017-0372 |
|
| 942 | _cAR | ||
| 999 |
_c547194 _d547194 |
||